Loading...

प्रतिनिधि कहानियॉं

Bibliographic Details
Main Author: इस्मत चुग़ताई
Other Authors: Ismat kahaniyam
Format: Printed Book
Published: New Delhi: Rajkamal, 2010
Edition:1
Subjects:
LEADER 00565nam a22001697a 4500
020 |a 9788171783861 
082 |a H891.433  |b ISM/P 
100 |a इस्मत चुग़ताई  
245 |a प्रतिनिधि कहानियॉं  
250 |a 1 
260 |a New Delhi:  |b Rajkamal,  |c 2010 
300 |a 151p. 
650 |a Prathinidhi kahaniyam 
700 |a Ismat kahaniyam 
942 |c BK 
999 |c 39945  |d 39945 
952 |0 0  |1 0  |4 0  |6 H_891_433000000000000_ISMP  |7 0  |8 Stack  |9 42644  |a KUCL  |b KUCL  |c H  |d 2016-06-14  |l 0  |o H891.433 ISM/P  |p 33568  |r 2016-06-14  |w 2016-06-14  |y BK